Caravan to vaccares

Gespeichert in:
Bibliographische Detailangaben
1. Verfasser: MacLean, Alistair
Format: Buch
Sprache:Undetermined
Veröffentlicht: Londres, Inglaterra The Companion Book Club 1970
Schlagworte:
Tags: Tag hinzufügen
Keine Tags, Fügen Sie den ersten Tag hinzu!

MARC

LEADER 00000nam a2200000Ia 4500
008 170316s9999 xx 000 0 und d
040 |a cru BVZT 
090 |a 820 M-3c 
100 |a MacLean, Alistair 
245 |a Caravan to vaccares 
260 |a Londres, Inglaterra 
260 |b The Companion Book Club 
260 |c 1970 
300 |a 250 páginas 
650 |a LITERATURA INGLESA 
999 |c 7028  |d 7028 
942 |c 15 D  |h 820 M-3c  |2 z